[Event "DEM U10 2005"]
[Site "Willingen GER"]
[Date "2005.05.15"]
[Round "1"]
[White "Pannier, Lukas"]
[Black "Davydov, Ruven"]
[Result "0-1"]
[Termination "normal"]
[Board "24"]
[WhiteElo "948"]
[BlackElo "1250"]
[PlyCount "98"]
[BlackFideId "24666068"]
[EventCountry "GER"]
[EventRounds "11"]
[EventType "swiss"]
[EventDate "2005.05.15"]

1. e4 e6 2. d4 d5 3. f3 dxe4 4. fxe4 Qh4+ 5. g3 Qxe4+ 6. Ne2 Qxh1 7. Nbc3 Bb4
8. Bd2 Nf6 9. a3 Bxc3 10. Bxc3 O-O 11. Qd3 Qe4 12. Qd2 Nd5 13. O-O-O Qe3 14.
Qxe3 Nxe3 15. Re1 Nc6 16. Bd2 Nd5 17. Bg2 Nce7 18. Bxd5 Nxd5 19. Rf1 b6 20. h3
Ba6 21. Re1 Rac8 22. g4 c5 23. dxc5 Rxc5 24. c3 b5 25. h4 b4 26. axb4 Nxb4 27.
h5 Nd3+ 28. Kd1 Bc4 29. Kc2 Nxe1+ 30. Bxe1 Bxe2 31. b4 Rd5 32. Bd2 Rxd2+ 33.
Kxd2 Bxg4 34. c4 Bxh5 35. c5 Rc8 36. Kc3 Kf8 37. Kc4 Ke7 38. b5 Be2+ 39. Kb4
a5+ 40. Kxa5 Rxc5 41. Ka4 Rxb5 42. Ka3 Kd6 43. Ka4 Kc5 44. Ka3 Rb6 45. Ka4 Rb8
46. Ka3 Kc4 47. Ka2 Kc3 48. Ka1 Kc2 49. Ka2 Ra8# 0-1

[Event "DEM U10 2005"]
[Site "Willingen GER"]
[Date "2005.05.15"]
[Round "1"]
[White "Günthner, Arthur"]
[Black "Klumpe, Jan-Karl"]
[Result "1-0"]
[Termination "normal"]
[Board "25"]
[WhiteElo "1245"]
[BlackElo "936"]
[PlyCount "141"]
[EventCountry "GER"]
[EventRounds "11"]
[EventType "swiss"]
[EventDate "2005.05.15"]

1. e4 e5 2. Nf3 Nc6 3. Bb5 a6 4. Ba4 Nf6 5. O-O Bc5 6. d3 b5 7. Bb3 d6 8. c3
O-O 9. h3 Be6 10. Bc2 h6 11. d4 Bb6 12. d5 Bxd5 13. exd5 Ne7 14. Bb3 a5 15. a4
bxa4 16. Rxa4 Qd7 17. Nbd2 Nexd5 18. Bxd5 Nxd5 19. Ne4 Rfe8 20. Ra1 Qc6 21. Qa4
Qb7 22. Re1 Ne7 23. Be3 Bxe3 24. Rxe3 Qxb2 25. c4 d5 26. cxd5 Nxd5 27. Rb3 Qc2
28. Rb5 Qc6 29. Rxa5 Qxa4 30. R1xa4 Rxa5 31. Rxa5 c6 32. Rc5 Nb4 33. Rxe5 Rc8
34. Rc5 Re8 35. Nfd2 Rc8 36. Rc4 Nd3 37. Nd6 Rc7 38. Nb5 Rc8 39. Nd4 c5 40.
N4b3 Kf8 41. Rc3 Nf4 42. Rxc5 Rd8 43. Rc7 Ne6 44. Ra7 Nf4 45. Kh2 Nd3 46. Kg3
Ne5 47. Ne4 Rd3+ 48. Kf4 Ng6+ 49. Kf5 Rxb3 50. Nd6 Rb2 51. Rxf7+ Kg8 52. Kxg6
Rb8 53. Rxg7+ Kf8 54. f4 h5 55. Rh7 Kg8 56. Rxh5 Rd8 57. Rh8+ Kxh8 58. Nf7+ Kg8
59. Nxd8 Kf8 60. f5 Kg8 61. f6 Kh8 62. g4 Kg8 63. f7+ Kf8 64. Ne6+ Ke7 65.
f8=Q+ Kxe6 66. Qc5 Kd7 67. Qb6 Kc8 68. Qa7 Kd8 69. Qb7 Ke8 70. Qc7 Kf8 71. Qd8#
1-0

[Event "DEM U10 2005"]
[Site "Willingen GER"]
[Date "2005.05.15"]
[Round "1"]
[White "Oltzen, Aljoscha"]
[Black "Spangenberg, Romy"]
[Result "1/2-1/2"]
[Termination "normal"]
[Board "26"]
[WhiteElo "933"]
[BlackElo "1239"]
[PlyCount "149"]
[BlackFideId "4627997"]
[EventCountry "GER"]
[EventRounds "11"]
[EventType "swiss"]
[EventDate "2005.05.15"]

1. e4 c5 2. Nf3 e6 3. d4 cxd4 4. Nxd4 Nf6 5. Nc3 Bb4 6. Bd3 Nc6 7. Be3 Qa5 8.
Qd2 Ne5 9. f3 a6 10. a3 Be7 11. O-O b5 12. h3 Bb7 13. f4 Nc6 14. Nxc6 Bxc6 15.
e5 Nd5 16. Nxd5 Qxd2 17. Bxd2 Bxd5 18. f5 Bc5+ 19. Kh1 Bd4 20. Bc3 Bxc3 21.
bxc3 Rc8 22. fxe6 dxe6 23. a4 bxa4 24. Rxa4 Rxc3 25. Rxa6 O-O 26. Rb1 Bc4 27.
Bxc4 Rxc4 28. Ra2 Rfc8 29. Rab2 h6 30. Rb8 Rxc2 31. Rxc8+ Rxc8 32. Kh2 Rc5 33.
Re1 Rc6 34. g4 f6 35. exf6 gxf6 36. Kg3 Kf7 37. Kh4 Kg6 38. Kg3 e5 39. h4 Re6
40. Rf1 Rd6 41. h5+ Kg7 42. Rf5 Rd3+ 43. Kh4 Re3 44. Rf2 Re1 45. Kg3 Rd1 46.
Ra2 Kf7 47. Ra7+ Ke6 48. Rh7 Rd7 49. Rxh6 Rg7 50. Kh4 Kf7 51. Kh3 Rg5 52. Rh7+
Rg7 53. Rxg7+ Kxg7 54. Kg3 Kh6 55. Kf3 Kg5 56. Kg3 Kh6 57. Kf3 Kg5 58. Kg3 f5
59. gxf5 Kxh5 60. Kf3 Kg5 61. Ke4 Kf6 62. Ke3 Kxf5 63. Kf3 Ke6 64. Ke3 Ke7 65.
Ke4 Kf6 66. Ke3 Kf5 67. Kf3 e4+ 68. Ke3 Ke5 69. Ke2 Kd4 70. Kd2 e3+ 71. Ke2 Ke4
72. Ke1 Kf3 73. Kf1 e2+ 74. Ke1 Kf4 75. Kxe2 1/2-1/2

[Event "DEM U10 2005"]
[Site "Willingen GER"]
[Date "2005.05.15"]
[Round "1"]
[White "Priese, Annika"]
[Black "Schäfer, Daniela"]
[Result "0-1"]
[Termination "normal"]
[Board "28"]
[WhiteElo "915"]
[BlackElo "1233"]
[PlyCount "88"]
[WhiteFideId "24673730"]
[BlackFideId "4624769"]
[EventCountry "GER"]
[EventRounds "11"]
[EventType "swiss"]
[EventDate "2005.05.15"]

1. e4 e5 2. Bc4 Nf6 3. Nc3 Nc6 4. Nf3 Bc5 5. d3 d6 6. h3 h6 7. Bd2 Be6 8. Bxe6
fxe6 9. Qe2 Qd7 10. Nb5 a6 11. Nc3 Qf7 12. g4 g5 13. O-O-O O-O-O 14. Na4 Ba7
15. Be3 Bxe3+ 16. Qxe3 Kb8 17. a3 Rdf8 18. Rhg1 Nd7 19. Rg3 Qf6 20. Kb1 Rf7 21.
b4 Rhf8 22. c4 Qe7 23. c5 Rf6 24. Ne1 Nd4 25. Qc1 Rxf2 26. Rg2 Rxg2 27. Nxg2
Rf2 28. Ne3 Nb3 29. Qc3 Nd4 30. Nc4 Rc2 31. Qe1 b5 32. Na5 Kc8 33. Rc1 Rxc1+
34. Qxc1 bxa4 35. c6 Nb6 36. Qb2 Qf7 37. b5 axb5 38. Nb7 Qf1+ 39. Ka2 Nxc6 40.
Nxd6+ cxd6 41. Qd2 Nd4 42. h4 Nb3 43. Qc2+ Kb7 44. Kb2 Qa1# 0-1

[Event "DEM U10 2005"]
[Site "Willingen GER"]
[Date "2005.05.15"]
[Round "1"]
[White "Riebold, Johannes"]
[Black "Haryanto, Selina"]
[Result "0-1"]
[Termination "normal"]
[Board "29"]
[WhiteElo "1221"]
[BlackElo "913"]
[PlyCount "66"]
[EventCountry "GER"]
[EventRounds "11"]
[EventType "swiss"]
[EventDate "2005.05.15"]

1. e4 e5 2. Nf3 Nc6 3. Bc4 Bc5 4. Nc3 Nf6 5. d3 O-O 6. Bg5 h6 7. Bh4 d6 8. Nd5
g5 9. Bg3 Bg4 10. h3 Bh5 11. c3 Nxd5 12. Bxd5 Qf6 13. Rg1 Kh7 14. Bh2 Bxf3 15.
Qxf3 Qe7 16. g3 Rg8 17. Qf5+ Kg7 18. Rg2 Kf8 19. b4 Bb6 20. b5 Na5 21. O-O-O
Rg7 22. d4 c6 23. bxc6 bxc6 24. Bb3 Nxb3+ 25. axb3 exd4 26. cxd4 c5 27. dxc5
Bxc5 28. Qd5 Rc8 29. Kb1 Qc7 30. Rc1 Qa5 31. b4 Qxb4+ 32. Ka1 Bd4+ 33. Ka2 Qb2#
0-1

[Event "DEM U10 2005"]
[Site "Willingen GER"]
[Date "2005.05.15"]
[Round "1"]
[White "Scholz, Andre"]
[Black "Collmer, Dominik"]
[Result "1-0"]
[Termination "normal"]
[Board "30"]
[WhiteElo "900"]
[BlackElo "1216"]
[PlyCount "69"]
[BlackFideId "4620763"]
[EventCountry "GER"]
[EventRounds "11"]
[EventType "swiss"]
[EventDate "2005.05.15"]

1. e4 c5 2. Nf3 Nc6 3. d4 cxd4 4. Nxd4 g6 5. Nc3 Bg7 6. Be3 d6 7. Bc4 e6 8. Qd2
Bd7 9. O-O-O a6 10. Bb3 Ne5 11. Nde2 Bf8 12. Bd4 Bh6 13. f4 f6 14. Qe1 Nc6 15.
Bf2 Bc8 16. Bc5 e5 17. Rxd6 Qa5 18. Bf2 exf4 19. Rd5 Qc7 20. Nxf4 Bxf4+ 21. Kb1
Be6 22. Rd1 Bxb3 23. cxb3 Rd8 24. Nd5 Qe5 25. g3 Bh6 26. g4 Nge7 27. Bg3 Qg5
28. Nc7+ Kf7 29. Qe2 Rxd1+ 30. Rxd1 Nd4 31. Qc4+ Kg7 32. Rxd4 Qxg4 33. Ne6+ Kf7
34. Ng5+ Ke8 35. Qf7# 1-0

[Event "DEM U10 2005"]
[Site "Willingen GER"]
[Date "2005.05.15"]
[Round "1"]
[White "Gering, Samuel"]
[Black "Spilke, Paul"]
[Result "0-1"]
[Termination "normal"]
[Board "31"]
[WhiteElo "1215"]
[BlackElo "893"]
[PlyCount "174"]
[WhiteFideId "24604526"]
[EventCountry "GER"]
[EventRounds "11"]
[EventType "swiss"]
[EventDate "2005.05.15"]

1. d4 g6 2. e4 Bg7 3. Nf3 d6 4. Nc3 Nf6 5. Be2 O-O 6. O-O e5 7. dxe5 dxe5 8.
Nxe5 Qe7 9. f4 g5 10. fxg5 Qxe5 11. gxf6 Bxf6 12. Bg4 Qd4+ 13. Rf2 Qxd1+ 14.
Bxd1 Bd4 15. Bh6 Bxf2+ 16. Kxf2 Rd8 17. Bf4 c6 18. Bg5 Re8 19. Bf6 Be6 20. Bf3
Nd7 21. Bg5 f6 22. Be3 f5 23. a3 fxe4 24. Nxe4 Bd5 25. Ng3 Bxf3 26. Kxf3 Ne5+
27. Kf4 Ng6+ 28. Kf3 Nh4+ 29. Kf2 Nxg2 30. Bd4 Nf4 31. Be3 Nd5 32. Bd4 Rf8+ 33.
Ke2 Rae8+ 34. Kd3 Rf3+ 35. Kc4 Ne3+ 36. Kc5 b6+ 37. Kxc6 Re6+ 38. Kd7 Rg6 39.
Bxe3 Rxe3 40. Nf5 Re2 41. Ne7+ Kf7 42. Nxg6 hxg6 43. Rf1+ Kg7 44. Rc1 Rxh2 45.
Kc6 Kf8 46. Kb7 Rh7+ 47. Kc6 g5 48. c4 Rg7 49. b4 g4 50. c5 bxc5 51. bxc5 Ke8
52. Kd6 Kd8 53. c6 Kc8 54. Re1 Rg8 55. Rb1 Rg6+ 56. Kd5 g3 57. Rg1 Kc7 58. Rg2
Rg5+ 59. Kd4 Kxc6 60. Kc4 a6 61. a4 a5 62. Kc3 Kc5 63. Kd3 Kb4 64. Kc2 Kxa4 65.
Kb2 Kb4 66. Kc2 a4 67. Kb2 a3+ 68. Ka2 Kc4 69. Kxa3 Kd3 70. Kb4 Ke3 71. Kc4 Kf3
72. Rg1 Kf2 73. Ra1 g2 74. Kd4 g1=Q 75. Rxg1 Rxg1 76. Kd5 Rg4 77. Ke5 Ke3 78.
Kd5 Rh4 79. Kc5 Kd3 80. Kb5 Kc3 81. Ka5 Rb4 82. Ka6 Kc4 83. Ka5 Rb1 84. Ka6 Kc5
85. Ka7 Kc6 86. Ka8 Kc7 87. Ka7 Ra1# 0-1

[Event "DEM U10 2005"]
[Site "Willingen GER"]
[Date "2005.05.15"]
[Round "1"]
[White "Kalliwoda, Theresa"]
[Black "Grewenig, Jan"]
[Result "0-1"]
[Termination "normal"]
[Board "32"]
[WhiteElo "868"]
[BlackElo "1214"]
[PlyCount "102"]
[BlackFideId "4657330"]
[EventCountry "GER"]
[EventRounds "11"]
[EventType "swiss"]
[EventDate "2005.05.15"]

1. e4 c5 2. b4 cxb4 3. c3 g6 4. Nf3 Bg7 5. Bc4 Nf6 6. Qb3 O-O 7. Ng5 e6 8. Qxb4
Nc6 9. Qb3 Na5 10. Qa4 Nxc4 11. Qxc4 d5 12. Qa4 Bd7 13. Qc2 Bc6 14. e5 Nd7 15.
d4 Rc8 16. O-O Nb6 17. Qd3 Qd7 18. Qh3 h5 19. g4 Rfe8 20. gxh5 gxh5 21. Qxh5 f6
22. Qh7+ Kf8 23. Ba3+ Re7 24. Bxe7+ Qxe7 25. Nf3 Ke8 26. Kh1 Bf8 27. Qh4 Kd7
28. Rg1 f5 29. Qh5 Kc7 30. Nbd2 Kb8 31. Nb3 Bb5 32. Rg3 Rxc3 33. Rag1 Rc8 34.
Ng5 Na4 35. Nf7 Be8 36. Qd1 Bxf7 37. Na5 Nb6 38. Rb3 Be8 39. Qd2 Qh7 40. Qd3
Ba4 41. Rb2 Qh4 42. Rgb1 Qg5 43. Rxb6 Rc1+ 44. Rxc1 Qxc1+ 45. Kg2 axb6 46. Nb3
Qf4 47. Qc3 Bc6 48. Qh3 Qg5+ 49. Kf1 Bb5+ 50. Ke1 Bh6 51. Qc3 Qg1# 0-1

[Event "DEM U10 2005"]
[Site "Willingen GER"]
[Date "2005.05.15"]
[Round "1"]
[White "Fischer, Franziska"]
[Black "Barzen, Pascal"]
[Result "0-1"]
[Termination "normal"]
[Board "34"]
[WhiteElo "861"]
[BlackElo "1204"]
[PlyCount "110"]
[WhiteFideId "12924199"]
[BlackFideId "24653497"]
[EventCountry "GER"]
[EventRounds "11"]
[EventType "swiss"]
[EventDate "2005.05.15"]

1. e4 c6 2. Nf3 d5 3. exd5 cxd5 4. Bb5+ Nc6 5. O-O a6 6. Be2 Nf6 7. Nc3 d4 8.
Nb1 e5 9. d3 Bg4 10. c3 Bxf3 11. Bxf3 Rb8 12. Bg5 Be7 13. Na3 dxc3 14. bxc3
Bxa3 15. Qa4 Qd6 16. Rad1 Bc5 17. Rfe1 O-O 18. Be3 Bxe3 19. Rxe3 Nd5 20. Bxd5
Qxd5 21. Qc4 Qxc4 22. dxc4 f6 23. Rg3 Rbd8 24. Rgd3 Rxd3 25. Rxd3 Na5 26. c5
Rc8 27. h3 Rxc5 28. Rd8+ Kf7 29. Rd7+ Kg6 30. Kh2 Rxc3 31. g4 Rc2 32. h4 Rxf2+
33. Kg3 Rxa2 34. h5+ Kh6 35. Kh4 g5+ 36. Kg3 Ra1 37. Rd6 Rf1 38. Kg2 Rf4 39.
Kg3 Nc4 40. Re6 Ne3 41. Kh3 Nxg4 42. Kg3 Kxh5 43. Re7 Kg6 44. Rxb7 h5 45. Rb6
a5 46. Ra6 Ra4 47. Rb6 Ra3+ 48. Kg2 h4 49. Rb8 h3+ 50. Kf1 h2 51. Rg8+ Kh7 52.
Rd8 h1=Q+ 53. Ke2 Qg2+ 54. Ke1 Qf2+ 55. Kd1 Ra1# 0-1

[Event "DEM U10 2005"]
[Site "Willingen GER"]
[Date "2005.05.15"]
[Round "1"]
[White "Schreiner, Till"]
[Black "Mädge, Rico"]
[Result "1-0"]
[Termination "normal"]
[Board "35"]
[WhiteElo "1204"]
[BlackElo "826"]
[PlyCount "145"]
[WhiteFideId "24675555"]
[EventCountry "GER"]
[EventRounds "11"]
[EventType "swiss"]
[EventDate "2005.05.15"]

1. e4 d6 2. d4 e6 3. Nf3 Nc6 4. Nc3 Nf6 5. Bg5 Be7 6. Bc4 h6 7. Bh4 Nxe4 8.
Bxe7 Nxe7 9. Nxe4 d5 10. Bb5+ c6 11. Ne5 dxe4 12. Bc4 f6 13. Qh5+ g6 14. Nxg6
Nxg6 15. Qxg6+ Ke7 16. Qxe4 f5 17. Qe5 Rg8 18. O-O-O Rxg2 19. Rhe1 Qg8 20. Qxf5
Qg5+ 21. Qxg5+ hxg5 22. d5 b5 23. Bb3 Rxf2 24. dxe6 Rb8 25. h3 Rb7 26. Rd4 Rh2
27. Rg4 Rxh3 28. Rxg5 Rh6 29. Rg7+ Kd6 30. Rxb7 Bxb7 31. e7 Rh8 32. e8=Q Rxe8
33. Rxe8 Kd7 34. Re1 a5 35. Kd2 a4 36. Bg8 c5 37. Kd3 b4 38. Kc4 Kd6 39. Re6+
Kd7 40. Kxc5 a3 41. bxa3 bxa3 42. Rd6+ Ke7 43. Bd5 Bc8 44. Kc6 Bf5 45. Kc7 Bg4
46. Be4 Bh5 47. c4 Bf7 48. Bf5 Bxc4 49. Ra6 Bxa6 50. Kb6 Bc4 51. Bb1 Kd6 52.
Ka5 Kc5 53. Ka4 Bb5+ 54. Kxa3 Kc4 55. Kb2 Ba4 56. Bc2 Bc6 57. a3 Bd7 58. Ka2
Be6 59. Bb3+ Kc3 60. Bxe6 Kc2 61. a4 Kc3 62. a5 Kb4 63. a6 Ka5 64. a7 Ka6 65.
a8=Q+ Kb6 66. Qd5 Kc7 67. Bh3 Kb6 68. Kb3 Kc7 69. Qe6 Kb7 70. Qd6 Ka7 71. Qc6
Kb8 72. Bc8 Ka7 73. Qb7# 1-0

[Event "DEM U10 2005"]
[Site "Willingen GER"]
[Date "2005.05.15"]
[Round "1"]
[White "Bluhm, Sonja Maria"]
[Black "Rührmund, Daniel"]
[Result "0-1"]
[Termination "normal"]
[Board "36"]
[WhiteElo "797"]
[BlackElo "1201"]
[PlyCount "108"]
[WhiteFideId "24654027"]
[BlackFideId "24674583"]
[EventCountry "GER"]
[EventRounds "11"]
[EventType "swiss"]
[EventDate "2005.05.15"]

1. e4 c5 2. Nf3 e6 3. Nc3 a6 4. d3 Qc7 5. Be3 b5 6. Be2 Bb7 7. d4 Nf6 8. e5 Nd5
9. Nxd5 Bxd5 10. dxc5 Bxc5 11. Bxc5 Qxc5 12. O-O Nc6 13. a3 Bxf3 14. Bxf3 Qxe5
15. b4 Qd4 16. Bxc6 Qxd1 17. Raxd1 dxc6 18. Rd6 Rc8 19. Rfd1 O-O 20. h3 e5 21.
R1d3 f6 22. Rc3 Ra8 23. Rcxc6 a5 24. bxa5 Rxa5 25. Rc3 e4 26. Rb3 Rfa8 27. Rb6
Rxa3 28. Rxa3 Rxa3 29. Rxb5 Ra1+ 30. Kh2 Kf7 31. c4 g6 32. Rb3 Rc1 33. Rb4 Ke6
34. c5 f5 35. Rb6+ Kd5 36. c6 Rxc6 37. Rxc6 Kxc6 38. f3 e3 39. Kg1 f4 40. Kf1
Kd5 41. Ke2 Kd4 42. Ke1 Kd3 43. Kd1 e2+ 44. Ke1 Ke3 45. h4 Kd3 46. g4 fxg3 47.
f4 g2 48. Kf2 g1=Q+ 49. Kxg1 e1=Q+ 50. Kh2 Qxh4+ 51. Kg2 Ke2 52. f5 Qg4+ 53.
Kh2 Kf2 54. fxg6 Qg2# 0-1

[Event "DEM U10 2005"]
[Site "Willingen GER"]
[Date "2005.05.15"]
[Round "1"]
[White "Winterholler, Christina"]
[Black "Zeller, Elisa"]
[Result "1-0"]
[Termination "normal"]
[Board "37"]
[WhiteElo "1200"]
[BlackElo "794"]
[PlyCount "89"]
[WhiteFideId "24652105"]
[BlackFideId "24662410"]
[EventCountry "GER"]
[EventRounds "11"]
[EventType "swiss"]
[EventDate "2005.05.15"]

1. e4 e5 2. Nf3 Nf6 3. Bc4 Bc5 4. Nc3 Nc6 5. d3 Ng4 6. O-O O-O 7. h3 Nf6 8. Bg5
Be7 9. Re1 Nb4 10. Nxe5 d6 11. Nf3 Nd7 12. Bxe7 Qxe7 13. a3 Nc6 14. Nd5 Qe6 15.
Nxc7 Qg6 16. Nxa8 Nb6 17. Nxb6 axb6 18. Kh1 Qh5 19. Qd2 Ne7 20. Qg5 Qxg5 21.
Nxg5 Ng6 22. d4 Nf4 23. e5 dxe5 24. Rxe5 Ng6 25. Re4 Bf5 26. Re2 Nh4 27. Rae1
Bd7 28. Bxf7+ Rxf7 29. Nxf7 Kxf7 30. Re7+ Kg6 31. Rxd7 h6 32. Rxb7 b5 33. Rxb5
Kh7 34. d5 Nf5 35. a4 Nd6 36. Rb3 Nc4 37. Rc3 Nxb2 38. d6 Nxa4 39. d7 Nxc3 40.
d8=Q Nb5 41. Qd3+ g6 42. Qd5 g5 43. Qf5+ Kg7 44. Re7+ Kg8 45. Qc8# 1-0

[Event "DEM U10 2005"]
[Site "Willingen GER"]
[Date "2005.05.15"]
[Round "1"]
[White "Greilich, Sophie"]
[Black "Pältz, Sebastian"]
[Result "0-1"]
[Termination "normal"]
[Board "38"]
[WhiteElo "793"]
[BlackElo "1196"]
[PlyCount "48"]
[BlackFideId "24648027"]
[EventCountry "GER"]
[EventRounds "11"]
[EventType "swiss"]
[EventDate "2005.05.15"]

1. e4 e5 2. Nf3 Nc6 3. Bc4 Bc5 4. O-O Nf6 5. d3 h6 6. Be3 Bb6 7. h3 O-O 8. Nh2
d6 9. Nc3 Be6 10. Bb3 Na5 11. Na4 c6 12. Bd2 d5 13. exd5 cxd5 14. Bxa5 Bxa5 15.
Nc5 Qc7 16. d4 exd4 17. Qxd4 Bb6 18. Nxe6 fxe6 19. Qd1 Ne4 20. c3 Nxf2 21. Qh5
Nxh3+ 22. Kh1 Nf2+ 23. Kg1 Ne4+ 24. Kh1 Ng3# 0-1

[Event "DEM U10 2005"]
[Site "Willingen GER"]
[Date "2005.05.15"]
[Round "1"]
[White "Gitter, Lucas"]
[Black "Brühan, Jan"]
[Result "1-0"]
[Termination "normal"]
[Board "39"]
[WhiteElo "1187"]
[BlackElo "784"]
[PlyCount "89"]
[WhiteFideId "24667587"]
[EventCountry "GER"]
[EventRounds "11"]
[EventType "swiss"]
[EventDate "2005.05.15"]

1. e4 e5 2. Nf3 Nc6 3. Bc4 Bc5 4. d3 Nf6 5. Nc3 d6 6. Bg5 Bg4 7. h3 Bh5 8. g4
Bg6 9. Nd5 h6 10. Bh4 Na5 11. Nxf6+ gxf6 12. Nd2 Nxc4 13. Nxc4 d5 14. Nxe5 dxe4
15. Nxg6 fxg6 16. dxe4 Qe7 17. Qe2 h5 18. O-O-O g5 19. Bg3 hxg4 20. hxg4 Rxh1
21. Rxh1 O-O-O 22. Re1 Qe6 23. Kb1 Qd7 24. f3 Qc6 25. Rd1 Bd4 26. c3 Bc5 27.
Rxd8+ Kxd8 28. Qc4 Qd7 29. Kc2 Bd6 30. Bxd6 Qxd6 31. Qd4 Qxd4 32. cxd4 Kd7 33.
Kd3 Ke6 34. Ke3 a5 35. f4 gxf4+ 36. Kxf4 Kf7 37. Kf5 Kg7 38. e5 fxe5 39. dxe5
c5 40. e6 b5 41. Ke5 c4 42. Kd5 b4 43. Kxc4 a4 44. Kd5 Kf6 45. Kd6 1-0

[Event "DEM U10 2005"]
[Site "Willingen GER"]
[Date "2005.05.15"]
[Round "1"]
[White "Hümmecke, Aaron"]
[Black "Weber, Clemens"]
[Result "0-1"]
[Termination "normal"]
[Board "40"]
[WhiteElo "770"]
[BlackElo "1165"]
[PlyCount "84"]
[WhiteFideId "24692522"]
[BlackFideId "12927813"]
[EventCountry "GER"]
[EventRounds "11"]
[EventType "swiss"]
[EventDate "2005.05.15"]

1. e4 e5 2. Nf3 Nc6 3. d4 exd4 4. Nxd4 Nxd4 5. Qxd4 h6 6. Bc4 c6 7. Nc3 b5 8.
Bb3 c5 9. Qd5 c4 10. Qxa8 cxb3 11. axb3 a6 12. Bf4 Bb4 13. O-O Bxc3 14. bxc3
Ne7 15. Be5 O-O 16. Bd6 Re8 17. Bxe7 Qxe7 18. Rfe1 Qg5 19. Rxa6 Kh7 20. Ra5 d5
21. g3 Qd2 22. Raa1 Qxc3 23. Qxd5 Qf3 24. Qf5+ Bxf5 25. exf5 Rxe1+ 26. Rxe1
Qxf5 27. c4 bxc4 28. bxc4 Qc5 29. Rc1 g5 30. h4 gxh4 31. gxh4 Qd4 32. h5 Qg4+
33. Kf1 Qxh5 34. Kg2 Qg5+ 35. Kf3 Qxc1 36. Kg4 Qxc4+ 37. Kh5 Kg7 38. f4 Qd5+
39. f5 Qg2 40. f6+ Kxf6 41. Kh4 Kf5 42. Kh5 Qg5# 0-1

[Event "DEM U10 2005"]
[Site "Willingen GER"]
[Date "2005.05.15"]
[Round "1"]
[White "Kuhn, Jan"]
[Black "Princeataia, Elina"]
[Result "1-0"]
[Termination "normal"]
[Board "41"]
[WhiteElo "1164"]
[BlackElo "729"]
[PlyCount "27"]
[EventCountry "GER"]
[EventRounds "11"]
[EventType "swiss"]
[EventDate "2005.05.15"]

1. e4 e5 2. Nf3 Nc6 3. Bb5 a6 4. Ba4 b5 5. Bb3 Nf6 6. Nc3 Bc5 7. d3 O-O 8. Bg5
h6 9. Bh4 d6 10. Nd5 Nd4 11. Bxf6 gxf6 12. Nxd4 Bxd4 13. c3 Bb6 14. Qf3 1-0